Diabetes / (Record no. 3497)

MARC details
000 -LEADER
fixed length control field 00781nac a22002291u 4500
010 ## - LIBRARY OF CONGRESS CONTROL NUMBER
LC control number 83001972
020 ## - INTERNATIONAL STANDARD BOOK NUMBER
International Standard Book Number 0809256010 (pbk.) :
082 00 - DEWEY DECIMAL CLASSIFICATION NUMBER
Classification number 616.462
Item number K1221
090 ## - LOCALLY ASSIGNED LC-TYPE CALL NUMBER (OCLC); LOCAL CALL NUMBER (OCLC)
-- 3497
-- 3497
100 ## - MAIN ENTRY--PERSONAL NAME
Personal name Kahn, Ada P.
245 10 - TITLE STATEMENT
Title Diabetes /
Statement of responsibility, etc Ada P. Kahn ; [foreword by Melvin M. Chertack].
260 ## - PUBLICATION, DISTRIBUTION, ETC. (IMPRINT)
Place of publication, distribution, etc Chicago :
Name of publisher, distributor, etc Contemporary Books,
Date of publication, distribution, etc c1983.
300 ## - PHYSICAL DESCRIPTION
Extent xv, 128 p. ;
Dimensions 23 cm.
440 #0 -
-- Help yourself to health
500 ## - GENERAL NOTE
General note Includes index.
500 ## - GENERAL NOTE
General note Donations.
500 ## - GENERAL NOTE
General note Donations - Bibliotheca Alexandrina.
504 ## - BIBLIOGRAPHY, ETC. NOTE
Bibliography, etc Bibliography: p. 107-114.
650 #0 - SUBJECT ADDED ENTRY--TOPICAL TERM
Topical term or geographic name as entry element Diabetes.
942 ## - ADDED ENTRY ELEMENTS (KOHA)
Item type Book - Borrowing
Call number prefix 616.462K1221
Holdings
Withdrawn status Item status Source of classification or shelving scheme Damaged status Not for loan Home library Current library Shelving location Date acquired Source of acquisition Total Checkouts Total Renewals Full call number Barcode Date last seen Date last borrowed Koha item type
    Dewey Decimal Classification     Central Library Central Library First floor 19/04/2007 Purchase 5 5 616.462 KAH 000030324 15/07/2025 18/04/2019 Book - Borrowing